Deutsche Städte mit Foto - Statistiken

Allgemein
  • Dieses Quiz wurde 246 mal gespielt
    160 seit der letzten Aktualisierung
  • Das Durchschnittsergebnis liegt bei 7 aus 12
Antwortstatistiken
Bildquiz Antwort % Korrekt
Berlin
99%
Köln
93%
Frankfurt
91%
Hamburg
91%
München
69%
Wuppertal
62%
Essen
52%
Düsseldorf
43%
Bremen
32%
Leipzig
29%
Heidelberg
28%
Darmstadt
8%
Keine übereinstimmenden Quizze gefunden
Verteilung der Resultate
Anzahl Personen mit jedem Resultat
Perzentil nach korrekt beantworteten Fragen
Ihre Resultats-Entwicklung
Sie haben dieses Quiz seit der letzten Aktualisierung nicht gespielt